| 000 | 00403 a2200169 4500 | ||
|---|---|---|---|
| 001 | 145641 | ||
| 040 | _cLeonardo Da Vinci | ||
| 041 | _aPortuguês | ||
| 082 |
_a869.93 A447m _bA447m |
||
| 100 | _aALMEIDA,Manuel Antônio de | ||
| 245 | _aMemórias de um sargento de milícias | ||
| 260 |
_bMartin Claret _c2012 _a2012 |
||
| 300 | _a204 | ||
| 362 | _a20120000 | ||
| 697 | _aLiteratura | ||
| 942 | _cBK | ||
| 999 |
_c145641 _d145641 |
||